New Perspectives interdisciplinary journal of Central & East European politics and international relations

Na minha lista:
Detalhes bibliográficos
Formato: Periódico
Idioma:inglês
Publicado em: Praha Ústav mezinárodních vztahů 2017
Tags: Adicionar Tag
Sem tags, seja o primeiro a adicionar uma tag!

MARC

LEADER 00000nas2a2200000 4500
001 0237397
005 20220303152507.5
022 |a 2336-825X 
041 0 |a eng 
044 |a CZ 
245 1 0 |a New Perspectives  |b interdisciplinary journal of Central & East European politics and international relations 
264 1 |a Praha  |b Ústav mezinárodních vztahů  |c 2017 
773 0 |w eu_un_cat*0237173 
774 0 |w eu_un_cat*0282368